| 000 | 00878nam a22002057a 4500 | ||
|---|---|---|---|
| 008 | 110804t xxu||||| |||| 00| 0 ara d | ||
| 082 |
_222 _a320.5322 _bس ا ر |
||
| 100 |
_926584 _aسارتر،جان بول |
||
| 245 |
_aقضايا الماركسية/ _cتأليف جان بول سارتر؛ترجمة جورج طرابيشى |
||
| 260 |
_aبيروت: _bمنشورات دار الأداب،1965. _c1965. |
||
| 300 |
_a315ص، _c24سم. |
||
| 490 |
_926585 _a؛مواقف _n4. |
||
| 650 |
_916253 _aالماركسية |
||
| 650 |
_98522 _aالاشتراكية |
||
| 650 |
_916059 _aالنظم السياسية |
||
| 653 |
_bGeneral _cAugust2011 |
||
| 700 |
_926586 _aطرابيشى،جورج _cمترجم. |
||
| 942 |
_2ddc _cBB |
||
| 999 |
_c15788 _d15788 |
||